000 00412nam a2200181Ia 4500
001 1211
005 20260306140615.0
008 260306t1998||||xx |||||||||||||| ||spa||
041 _aESP
082 _a189.4
_bA65S
100 _aAquino, Tomas de Santo
_eAUT
245 0 _aThomas Aquinas
260 _c1998
300 _a841 páginas :
_c20 cm.
650 _aGEN
654 _aCHU
942 _cLIB
_dJUS
_fJUS
_2ddc
_n
999 _c1211
_d1211